Dinh dưỡng và an toàn thực phẩm : Thức ăn và dinh dưỡng cho người lớn tuổi

Gespeichert in:
Bibliographische Detailangaben
1. Verfasser: Lan Ngọc
Format: Buch
Sprache:Undetermined
Veröffentlicht: Thành phố Hồ Chí Minh Thanh niên 2005
Schlagworte:
Tags: Tag hinzufügen
Keine Tags, Fügen Sie den ersten Tag hinzu!
Thư viện lưu trữ: Trung tâm Học liệu Trường Đại học Cần Thơ
LEADER 00619nam a2200205Ia 4500
001 CTU_96288
008 210402s9999 xx 000 0 und d
020 |c 18000 
082 |a 613.2 
082 |b L105 
100 |a Lan Ngọc 
245 0 |a Dinh dưỡng và an toàn thực phẩm : 
245 0 |b Thức ăn và dinh dưỡng cho người lớn tuổi 
245 0 |c Lan Ngọc 
260 |a Thành phố Hồ Chí Minh 
260 |b Thanh niên 
260 |c 2005 
650 |a Nutrition,Public health 
904 |i M.Loan 
980 |a Trung tâm Học liệu Trường Đại học Cần Thơ